000 00583nam a2200181Ia 4500
008 151202s9999||||xx |||||||||||||| ||und||
082 _bPNVM-79017
100 _aराजे शैलजा.
245 _aआसवांची पालखी.
260 _b"मनोरमा प्रकाशन,मुंबई 14."
260 _c1990
300 _a180
600 _aराजे शैलजा.
630 _aआसवांची पालखी.
700 _aराजे शैलजा.
730 _aआसवांची पालखी.
942 _cBOOK
999 _c1343676
_d1343673